Score 0/14 Timer 01:00
8 Plays Today
% Correct
Spirited
84.7%
Delivery
83.4%
Sky
82.9%
Princess
80.3%
Castle
79.2%
Neighbor
77.4%
Rosso
72.9%
% Correct
Tale
67.6%
Marnie
66%
Wind
65%
Grave
64.3%
Cat
62.9%
Poppy
59.8%
Heart
54.7%

Today's Daily Dose

You're not logged in!

Compare scores with friends on all Sporcle quizzes.
OR
Log In

Sporcle TV

Today on Sporcle TV


Watch our educational content, quiz creation guides, and fun videos on Sporcle TV.

Show Comments

Extras

Top Quizzes Today


Score Distribution

Your Account Isn't Verified!

In order to create a playlist on Sporcle, you need to verify the email address you used during registration. Go to your Sporcle Settings to finish the process.

Report this User

Report this user for behavior that violates our Community Guidelines.

Details: